00346pab a2200121 454500008004000000100001600040245010400056260000900160300001300169362001200182650001700194773001300211180718b1977 xxu||||| |||| 00| 0 eng d aMitra, Asok aThe future of urbanization in relation to metropolitan and industrial centres in the eastern region c1977 ap.32-42. aJul-Sep aUrbanization aNagarlok